MESTSKÁ KNIŽNICA GIRALTOVCE  - online katalóg 

Giraltovce (Record no. 15292)

000 -NÁVESTIE
fixed length control field 00905nam a2200265 a 4500
008 - ÚDAJE S PEVNOU DĹŽKOU – VŠEOBECNÉ INFORMÁCIE
fixed length control field 080730s2008||||xo o g 000 0 slo d
020 ## - MEDZINÁRODNÉ ŠTANDARDNÉ ČÍSLO KNIHY (ISBN)
Medzinárodné štandardné číslo knihy (ISBN) 9788089258260
Qualifying information (viaz.)
Údaje o dostupnosti 10
040 ## - ZDROJ KATALOGIZÁCIE
Pôvodná katalogizujúca agentúra SNK
Jazyk katalogizácie slo
Prepisujúca agentúra SNK
Konvencie popisu AACR2
041 0# - KÓD JAZYKA
Kód jazyka textu/zvukovej stopy alebo samostatných nápisov slo
-- eng
043 ## -
-- e-xo---
044 ## - KÓD KRAJINY VYDAVATEĽA/PRODUCENTA
Kód krajiny MARC xo
Kód krajiny ISO SK
-- SK
072 #7 - KÓD PREDMETOVEJ KATEGÓRIE
Kód predmetovej kategórie 94(437)
Pododdiel kódu predmetovej kategórie Dejiny Česka a Slovenska
Zdroj konspekt
080 ## - ČÍSLO MEDZINÁRODNÉHO DESATINNÉHO TRIEDENIA (MDT)
Číslo Medzinárodného desatinného triedenia (MDT) 94(437.6)
Identifikátor vydania 2001
080 ## - ČÍSLO MEDZINÁRODNÉHO DESATINNÉHO TRIEDENIA (MDT)
Číslo Medzinárodného desatinného triedenia (MDT) (048.8)
Identifikátor vydania 2001
100 1# - OSOBNÉ MENÁ – VŠEOBECNÉ INFORMÁCIE
Osobné meno Eštok, Adrián
245 10 - NÁZOV
Názov Giraltovce
Údaj o zodpovednosti atď. [autorský kolektív: Adrián Eštok, Alžbeta Škurlová, Alena Kmecová ; zostavovateľ: Alena Kmecová]
250 ## - ÚDAJ O PORADÍ VYDANIA
Údaj o poradí vydania [1. vyd.]
260 ## - VYDAVATEĽSKÉ ÚDAJE, DISTRIBÚCIA ATĎ.
Miesto publikovania, distribúcie atď. [Michalovce]
Názov vydavateľa, distibútora atď. Excel enterprise
Dátum publikovania, distribúcie atď. 2008
300 ## - FYZICKÝ POPIS
Rozsah 64 s.
Ďalšie fyzické detaily fotogr. (prevažne fareb.)
Rozmery 29 cm
500 ## - VŠEOBECNÁ POZNÁMKA
Formátovaná poznámka o obsahu Vyd. pre mesto Giraltovce
651 #7 - PRIDANÝ VSTUP – PREDMET – GEOGRAFICKÝ NÁZOV
Geografický názov Giraltovce
Všeobecný pododdiel dejiny
Zdroj hesla alebo termínu SNKPH
651 #7 - PRIDANÝ VSTUP – PREDMET – GEOGRAFICKÝ NÁZOV
Geografický názov Giraltovce
Všeobecný pododdiel history
Zdroj hesla alebo termínu SNKPHeng
700 1# - PRIDANÝ VSTUP – OSOBNÉ MENO
Osobné meno Škurlová, Alžbeta
Kód roly aut
700 1# - PRIDANÝ VSTUP – OSOBNÉ MENO
Osobné meno Kmecová, Alena
Kód roly aut
-- com
Holdings
Stav stiahnutia (Blokovanie) (Withrawn status) Stav straty Zdroj klasifikácie pre skladovanie Stav poškodenia (Damaged status) Nie pre výpožičky (Not for loan) Spôsob nadobudnutia (Collection code) Trvalé umiestnenie Aktuálne umiestnenie Dátum nadobudnutia Náklady, bežná kúpna cena Inventárne číslo (prírastkové číslo) Celkom výpožičky Full call number Čiarový kód Dátum posledného výskytu Dátum poslednej výpôžičky Cena s účinnosťou od Typ jednotky Koha
          Kúpa Mestská knižnica Giraltovce Mestská knižnica Giraltovce 2019-11-29 10.00 14326 1 I0364 I0364 2020-06-25 2020-06-10 2019-11-29 Odborná literatúra pre dospelých

Powered by Koha